|
|
|
|
| LEADER |
01232nam a2200229 a 4500 |
| 001 |
00007082 |
| 008 |
110306s1998 bg a b 000 0 ben |
| 020 |
|
|
|a 9848196005
|
| 040 |
|
|
|a BD-DhAAL
|c BD-DhAAL
|
| 082 |
0 |
0 |
|a 300.72
|2 22
|
| 100 |
1 |
|
|a আলম, খুরশিদ
|
| 245 |
1 |
0 |
|a সমাজ গবেষণা পদ্ধতি/
|c খুরশিদ আলম
|
| 260 |
|
|
|a ঢাকা :
|b মিনার্ভা পাবিলকেশন্স,
|c ১৯৯৮
|
| 300 |
|
|
|a xiii, ৪৩২ পৃ. :
|b চিএ ;
|c ২০ সে.মি.
|
| 504 |
|
|
|a Includes bibliographical references [পৃ: ৪২৬-৪৩২]
|
| 541 |
|
|
|e 00007082
|
| 650 |
|
0 |
|a Social science
|x Research.
|
| 852 |
4 |
|
|a Ayesha Abed Library
|j General shelf
|
| 999 |
|
|
|c 10543
|d 10543
|
| 952 |
|
|
|0 0
|1 0
|2 ddc
|4 0
|6 300_720000000000000_ALA
|7 0
|9 14700
|a BRACUL
|b BRACUL
|c GEN
|d 2011-03-16
|l 4
|m 11
|o 300.72 ALA
|p 3010007082
|r 2024-09-08
|s 2024-05-30
|t 1
|w 2011-03-16
|y BK
|
| 952 |
|
|
|0 0
|1 0
|2 ddc
|4 0
|6 300_720000000000000_ALA
|7 0
|9 56405
|a SCL
|b SCL
|c GEN
|d 2015-10-23
|g 160.00
|l 0
|o 300.72 ALA
|p 3020001797
|r 2015-10-23
|t 2
|w 2015-10-23
|y BK
|
| 952 |
|
|
|0 0
|1 0
|2 ddc
|4 0
|6 300_720000000000000_ALA
|7 0
|9 56410
|a SCL
|b SCL
|c GEN
|d 2015-10-24
|g 160.00
|l 0
|o 300.72 ALA
|p 3020000370
|r 2015-10-24
|t 3
|w 2015-10-24
|y BK
|